| 000 | 01023nam a22002777a 4500 | ||
|---|---|---|---|
| 001 | 000007856 | ||
| 003 | DO-SdBNP | ||
| 005 | 20180328114134.0 | ||
| 007 | 000007856 | ||
| 008 | 160518b 2000 dr a xxu||||| |||| 00| 0 spa d | ||
| 020 | _a8482613308 | ||
| 040 |
_aBPMSU _bspa _cBPMSU |
||
| 092 |
_axxxx _bxxxx |
||
| 245 | 0 | 0 |
_aLa República Dominicana en el siglo XX : _bmodulo V, segundo ciclo / _cMaría Isabel Incháustegui... [et al] ; dirección editorial Obdulia García de Escobar; ilustración Ruddy Núñez. |
| 260 |
_aSanto Domingo : _bSantillana Adultos, _c2000. |
||
| 300 |
_a119 p. : _bil., retrs. _c28 cm. |
||
| 500 | _aSegundo año del 2do, ciclo para personas jóvenes y adultas. | ||
| 700 | 1 | _aIncháustegui, María Isabel | |
| 700 | 1 | _aCruz, María Ramona de la | |
| 700 | 1 | _aPeralta, Norca Ligia | |
| 700 | 1 | _aTavares, Ángela | |
| 700 | 1 | 2 |
_aNúñez, Ruddy, _eil. |
| 700 | 1 | 2 |
_aGarcía de Escobar, Obdulia, _edir. ed. |
| 942 |
_2ddc _cBK |
||
| 945 | _aRemanejado para la BPHU / 2018 VM | ||
| 999 |
_c10164 _d10164 |
||